01014nab a2200253 uc450000100070000000500170000700800410002403500110006503500210007604000130009704100080011010000460011824501990016426000100036365000260037365000190039965000370041865000460045570000380050170000420053977301500058194200100073199900190074170143020260509100947.0011026s2000 eng  a701430 a(OCoLC)819920410 ccomduadb aeng10aOnwuegbuzie, Anthony J.4auteaut934998414aThe validation of three scales measuring anxiety at different stages of the foreign language learning process : the input anxiety scale, the processing axienty scale and the output anxiety scale c2000. 7aAnsiedad2lemb929167 aAnxiety989334 aForeign language learning982487 aAprendizaje de lenguas extranjeras98368510aBailey, Phillip4auteaut952504410aDaley, Christine E.4auteaut93472940 tLanguage Learning : a Journal of Research in Language Studies ( Estados Unidos)gVol. 50, No. 01, Mar. 2000, p. 87-117w686241x0023-83330209019 cARIMP c214016d214016